00952 2200313 4500001002100000005001500021035002000036007000300056008004100059020002200100082001400122084001600136100003000152245010100182250003200283300003100315650001000346700003200356504003400388264004200422336002100464337003000485338002300515040002200538090002200560850001200582999002200594990002200616INLIS00000000087794720230412111834 a0010-0423000247ta230412s2023 yoi g 000 0 ind d a978-623-400-576-904223a152.4 a152.4 RAM t0 aRambu PrihatinePengarang10aTerapi emosi :bseni menguasai emosi tanpa ribet /cRambu Prihatin ; penyunting, Astria Sekar A. aCetakan Pertama, April 2023 aviii, 184 halaman ;c20 cm 4aEmosi0 aAstria Sekar A.ePenyunting aBibliografi : halaman 182-18331aBantul :bAnak Hebat Indonesia,c2023 2rdacontentateks 2rdamediaatanpa perantara 2rdacarrieravolume aYOPDYOGbinderda aCB-D.11 2023-0233 aYOPDYOG aCB-D.11/2023-0233 aCB-D.11/2023-0233